Statistiken für Länder mit den meisten ISIS-Kämpfern

Klicken Sie hier um das Quiz zu spielen!

Allgemein

  • Dieses Quiz wurde 4 mal gespielt
  • Das Durchschnittsergebnis liegt bei 13 aus 21

Antwortstatistiken

GrößeLand% Korrekt
40,000+Irak
100%
3,000Jordanien
100%
650Pakistan
100%
25,000+Syrien
100%
1,500Türkei
100%
600Ägypten
75%
890Libanon
75%
600Libyen
75%
1,660Marokko
75%
2,926Tunesien
75%
900Aserbaidschan
50%
1,200China
50%
1,910Frankreich
50%
3,417Russland
50%
1,300Tadschikistan
50%
850Vereinigtes Königreich
50%
528Belgien
25%
915Deutschland
25%
600Indonesien
25%
3,244Saudi-Arabien
25%
1,500Usbekistan
25%

Verteilung der Resultate

Perzentil nach korrekt beantworteten Fragen

Anzahl Personen mit jedem Resultat

Ihre Resultats-Entwicklung

Sie haben dieses Quiz noch nicht gespielt